LEADER 00917nam a2200229 4500 001 000000362650 003 CaOOAMICUS 005 20250429161311.0 008 250429s1894 it 000 u ita r 040 $aSeMil$bita 100 1 $aBovio, Giovanni,$d<1837-1903>.$0(OLS)http://semarc/name/34964 245 10$aCristo alla festa di Purim /$cGiovanni Bovio. 264 1$aNapoli :$bFortunio,$c1894. 300 $a31 p., [1] c. di ritratto ;$c19 cm 490 1 $aCollezione Fortunio 500 $aIn mezzo al front : con nuovissima prefazione dell'autore e ritratto 830 0$aCollezione Fortunio.$0(OLS)http://semarc/title/453596 850 $aSeMil 852 $aSeMil$W1$xVenegono$y1$m5A VIII 9/17$j256327$B253551$CSeMilBibl$Z2$F253551 $8I 996 $6245$aCristo alla festa di Purim$9(OLS)http://semarc/title/453595 996 $6264$aNapoli :$bFortunio$9(OLS)http://semarc/publisher/62333 LEADER 01366nam a2200289 4500 001 000000360915 003 CaOOAMICUS 005 20241128103102.0 008 241128s2024 xxk 000 u eng r 020 $a978-0-567-70860-1$c(pb) 020 $a978-0-567-70861-8$c(hb) 040 $aSeMil$bita 100 1 $aHabets, Myk,$d<1971- >.$0(OLS)http://semarc/name/121034 245 10$aStarting with the spirit :$bthe T&T Clark introduction to Third Article Theology /$cMyk Habets and Gregory J. Liston. 264 1$aLondon [etc.] :$bT&T Clark,$c2024. 300 $axi, 241 p. ;$c23 cm 650 4$aThird Article Theology (TAT).$0(OLS)http://semarc/subject/56724 650 4$aPneumatologia.$0(OLS)http://semarc/subject/1581 650 4$aSpirito Santo - Teologia.$0(OLS)http://semarc/subject/1154 700 1 $aListon, Gregory J.$0(OLS)http://semarc/name/121037 850 $aSeMil 852 $aSeMil$W1$xVenegono$y1$m2B VI 6$j252671$B251904$CSeMilBibl$Z2$F251904 $81 996 $6020$a978-0-567-70860-1$c(pb)$9(OLS)http://semarc/number/301913 996 $6020$a978-0-567-70861-8$c(hb)$9(OLS)http://semarc/number/301914 996 $6245$aStarting with the spirit :$bthe T&T Clark introduction to Third Article Theology$9(OLS)http://semarc/title/451510 996 $6264$aLondon [etc.] :$bT&T Clark$9(OLS)http://semarc/publisher/59917